التحرك على وسادة من هواء : (رقم التسجيلة. 30525)

تفاصيل مارك
000 -LEADER
fixed length control field 00739nam a22001937a 4500
005 - DATE AND TIME OF LATEST TRANSACTION
control field 20251108165540.0
008 - FIXED-LENGTH DATA ELEMENTS--GENERAL INFORMATION
fixed length control field 250721s9999 xx 000 0 ara d
082 14 - DEWEY DECIMAL CLASSIFICATION NUMBER
Classification number ط/609/لوت
100 1# - MAIN ENTRY--PERSONAL NAME
Personal name لوت، ف
245 10 - TITLE STATEMENT
Title التحرك على وسادة من هواء :
Remainder of title المجهر في سيطرته على المتناهي المصغر؛ ميزان الضغط /
264 1# - PRODUCTION, PUBLICATION, DISTRIBUTION, MANUFACTURE, AND COPYRIGHT NOTICE
Place of production, publication, distribution, manufacture بيروت :
Name of producer, publisher, distributor, manufacturer منشورات مكتبة سمير،
Date of production, publication, distribution, manufacture, or copyright notice [19-].
300 ## - PHYSICAL DESCRIPTION
Extent 12ص:مص
490 0# - SERIES STATEMENT
Series statement من كل علم خبر خبر ؛ التقنيه تقوم باولى تحدياتها الكبرى ؛9
650 17 - SUBJECT ADDED ENTRY--TOPICAL TERM
Topical term or geographic name as entry element الإختراعات
650 17 - SUBJECT ADDED ENTRY--TOPICAL TERM
Topical term or geographic name as entry element التاريخ
700 1# - ADDED ENTRY--PERSONAL NAME
Personal name سماحه، سهيل
Relator term ترجمة
942 ## - ADDED ENTRY ELEMENTS (KOHA)
Source of classification or shelving scheme Dewey Decimal Classification
Koha item type كتب
المقتنيات
حالة السحب حالة الفقدان مصدر التصنيف حالة التلف غير قابل للإعارة المكتبة الرئيسية المكتبة الحالية موقع الرف تاريخ التزويد الرقم المتسلسل Total Checkouts رقم الإستدعاء تاريخ آخر ظهور تاريخ الفاتورة نوع المادة (كوها) الباركود
    Dewey Decimal Classification Unchecked   مكتبة الجويدة مكتبة الجويدة الأطفال 06/07/2004 279   ط/609/لوت 28/07/2025 06/07/2004 كتب  
    Dewey Decimal Classification     مكتبة النصر العامة مكتبة النصر العامة الأطفال 24/04/2015 [ 1790 ]]]   ط/609/لوت 28/07/2025 24/04/2015 كتب PLD00385928
    Dewey Decimal Classification     مكتبة صويلح العامة مكتبة صويلح العامة الأطفال 23/07/2019 03697   ط/609/لوت 28/07/2025 23/07/2019 كتب PLD00458940
Implemented & Customized by: BBB with SCIT (Smart Chains for Information Technology)

Powered by Koha